[Event "45th Olympiad 2024"]
[Site "Budapest HUN"]
[Date "2024.09.21"]
[Round "10.1"]
[Board "2"]
[White "So, Wesley"]
[Black "Praggnanandhaa, R."]
[Result "1-0"]
[WhiteElo "2752"]
[BlackElo "2750"]
[PlyCount "81"]
[EventDate "2024.09.11"]
[WhiteTeam "United States of America"]
[BlackTeam "India"]
[BlackTeamCountry "IND"]

1. e4 {Yermolinsky,Alex} e5 2. Nf3 Nc6 3. Bc4 Bc5 4. O-O Nf6 5. d3 d6 6. c3 a6 7. a4 Ba7 8. Nbd2 O-O 9. h3 Be6 ({RR} 9... h6 10. Re1 Re8 11. b4 Be6 12. Bxe6 Rxe6 13. Qc2 Ne7 ({RR} 13... Qd7) 14. Nf1 Ng6 15. c4 a5 16. bxa5 Ne7 17. Rb1 Rb8 18. Bd2 Nc6 19. Ng3 Nd7 20. Rb5 Nc5 21. Reb1 Qc8 22. Be3 Re8 23. Nf5 Ne6 24. Qd2 {1-0 Karjakin,S (2776)-Carlsen,M (2851) Paris GCT Blitz 2017 (15)} ({RR} 24. a6 bxa6 25. Rxb8 Bxb8 26. c5)) ({RR} 9... h6 10. b4 Ne7 11. Re1 Ng6 12. d4 c6 13. Bf1 Re8 14. Qc2 d5 15. exd5 exd4 16. Rxe8+ Qxe8 17. c4 cxd5 18. c5 Ne4 19. Nxd4 a5 20. Nxe4 dxe4 21. Nb5 Bb8 22. Bb2 axb4 23. Re1 Bf5 24. Qb3 {½-½ Carlsen,M (2830)-Praggnanandhaa,R (2747) Superbet POL Rapid 2024 (7.2)}) 10. Bxe6 fxe6 11. b4 Qe8 ({RR} 11... Nh5 12. Re1 Qf6 13. Nf1 Nf4 14. Bxf4 Qxf4 15. Ra2 Ne7 16. Qb3 Qf6 17. d4 Ng6 18. Rd2 Nf4 19. Kh2 Nxg2 20. Kxg2 Qxf3+ 21. Kh2 Rf6 22. Qc4 Qf4+ 23. Kg2 Rg6+ {0-1 Macovei,A (2479)-Kim,S (2295) Titled Tue 30th Apr Early 2024 (7)}) 12. Ra2 $146 ({RR} 12. Re1 Ne7 13. Nf1 Nh5 14. Ra2 Ng6 15. g3 Qf7 16. Kg2 h6 17. N1h2 d5 18. Rf1 Rad8 19. Qe2 Nf6 20. exd5 exd5 21. Nxe5 Nxe5 22. Qxe5 Rde8 23. Qf5 Qe7 24. Ng4 c6 25. Nxf6+ Rxf6 26. Qg4 Qf7 {1-0 Oparin,G (2681)-Dragun,K (2550) Titled Tue 24th Oct Early 2023 (11)}) ({RR} 12. Nc4 Ne7 13. Be3 Ng6 14. Bxa7 Rxa7 15. g3 Ra8 16. Ne3 h6 17. Nd2 Qd7 18. Kg2 Rf7 19. Ng4 Raf8 20. Qe2 Kh8 21. Qe3 Ne7 22. d4 exd4 23. cxd4 Nc6 24. b5 axb5 25. axb5 Ne7 26. Nxf6 Rxf6 {½-½ Popov,I (2599)-Ustianovich,N (2376) Riga Tal Memorial rapid 2019 (3)}) ({RR} 12. Re1 Nh5 13. Nf1 Qg6 14. Be3 Nf4 15. Bxf4 Rxf4 16. Ra2 Raf8 17. N1h2 a5 18. b5 Nb8 19. Kh1 Nd7 20. g3 R4f7 21. Kg2 Qf6 22. h4 Qg6 23. Rf1 Bb6 24. Ng5 Re7 25. Qg4 h6 26. Nh3 Qxg4 {½-½ Xu,Y (2510)-Salimova,N (2387) Titled Tue 17th Jan Early 2023 (8)}) 12... Nh5 13. Nc4 Nf4 14. b5 Nb8 15. Kh2 Nd7 16. g3 Ng6 17. bxa6 bxa6 18. Kg2 d5 19. Ncd2 Nf6 20. Re1 Rd8 21. Qe2 Qc6 22. c4 Rf7 23. cxd5 exd5 24. Nf1 h6 25. N1h2 Rfd7 26. a5 dxe4 27. dxe4 Rd3 28. Rd2 Qb5 29. Rxd3 Rxd3 30. Qc2 Rd7 31. Qa2+ Kh7 32. Qe6 Qxa5 33. Qf5 Qa2 34. Rf1 Re7 35. Bxh6 gxh6 36. Qxf6 Qe6 37. Ng4 a5 38. Qf5 Kg7 39. Qh5 Nh8 40. Nh4 Kh7 41. Nxh6 1-0

[Event "45th Olympiad 2024"]
[Site "Budapest HUN"]
[Date "2024.09.21"]
[Round "10.1"]
[Board "3"]
[White "Erigaisi, Arjun"]
[Black "Dominguez Perez, Leinier"]
[Result "1-0"]
[WhiteElo "2778"]
[BlackElo "2748"]
[PlyCount "119"]
[EventDate "2024.09.11"]
[WhiteTeam "India"]
[BlackTeam "United States of America"]
[WhiteTeamCountry "IND"]

1. d4 d5 2. c4 c6 3. Nf3 Nf6 4. Nc3 a6 5. c5 b6 6. cxb6 Nbd7 7. a3 $146 ({RR} 7. Bf4 Qxb6 8. Qd2 e6 9. e3 c5 10. Na4 Qb7 11. Bd3 c4 12. Bc2 Bb4 13. Nc3 O-O 14. O-O Ne4 15. Bxe4 dxe4 16. Ne5 Nxe5 17. Bxe5 Bd7 18. Qe2 Rfc8 19. Qg4 Bf8 20. Nxe4 Bc6 21. Nd6 f5 {1-0 Kalenik,R (2279)-Mokhna,N (2161) Anapa (Women) 2009 (4)}) ({RR} 7. e3 Qxb6 8. Bd3 g6 9. b3 Bg7 10. Ba3 Qa5 11. Qc1 e5 12. dxe5 Ng4 13. O-O Ngxe5 14. Nxe5 Bxe5 15. Na4 Qc7 16. f4 Bd6 17. e4 O-O 18. Bxd6 Qxd6 19. e5 Qc7 20. Rf2 Rb8 21. Qc3 a5 {1-0 Inarkiev,E (2681)-Onoprienko,V (2318) Moscow op-A 04th 2008 (2)}) ({RR} 7. Bf4 Nxb6 8. Ne5 Bb7 9. Qb3 Ra7 10. Rc1 Nfd7 11. e4 e6 12. exd5 exd5 13. Bd3 Nxe5 14. Bxe5 Nd7 15. Bg3 Be7 16. O-O O-O 17. Nxd5 cxd5 18. Rc7 Bf6 19. Rxb7 Bxd4 20. Rxa7 Bxa7 21. Qxd5 Nc5 {½-½ Costachi,M (2470)-Manea,A (2287) Cluj GP Rapid 2024 (9.15)}) ({RR} 7. Bf4 Nxb6 8. e3 e6 9. Rc1 Bb7 10. Be2 c5 11. dxc5 Bxc5 12. Nxd5 Nbxd5 13. Rxc5 O-O 14. O-O Qb6 15. Rc3 Nxf4 16. exf4 Rfd8 17. Qc1 Be4 18. Rc7 Rab8 19. b3 Qa5 20. Ne5 Rf8 21. Ra7 Bb7 {½-½ Orlov,N (2303)-Fazulyanov,S (2354) Moscow op-A 04th 2008 (7)}) ({RR} 7. e3 Qxb6 8. Be2 e6 9. O-O Bd6 10. b3 a5 11. Na4 Qc7 12. Bb2 O-O 13. Rc1 Ne4 14. Rc2 Bb7 15. Qc1 Rfc8 16. Ba3 Ba6 17. Bxd6 Nxd6 18. Bxa6 Rxa6 19. Ne1 e5 20. dxe5 Nxe5 21. Qd1 Ne4 {1-0 Shneider,A (2455)-Dreev,A (2395) URS U26-ch Lvov 1985}) 7... Qxb6 8. Na4 Qc7 9. g3 e6 10. Bf4 Bd6 11. e3 a5 12. Rc1 O-O 13. Qc2 Bb7 14. Bd3 h6 15. O-O Rfe8 16. Rfd1 e5 17. dxe5 Nxe5 18. Nd4 Nxd3 19. Bxd6 Qxd6 20. Rxd3 Ba6 21. Rb3 Nd7 22. Nb6 c5 23. Nxa8 Rxa8 24. Nb5 Qc6 25. a4 g6 26. Rc3 Bxb5 27. axb5 Qxb5 28. Rd1 Qc6 29. Rcd3 Nf6 30. e4 Nxe4 31. Rxd5 Re8 32. Rd8 Ng5 33. Rxe8+ Qxe8 34. Qd3 Ne6 35. Qe3 h5 36. Rd6 Qb5 37. Qe5 h4 38. gxh4 Qc4 39. h5 Qg4+ 40. Kf1 g5 41. h6 Kh7 42. Rd7 Qc4+ 43. Ke1 Qb4+ 44. Rd2 Qg4 45. Re2 Qg1+ 46. Kd2 Kg6 47. h4 gxh4 48. Qe4+ Kxh6 49. Qxh4+ Kg6 50. Qg3+ Qxg3 51. fxg3 Kg5 52. Re3 Kg4 53. Ke2 Ng5 54. Re5 f5 55. Rxc5 a4 56. Ra5 Nh3 57. Rxa4+ Kxg3 58. Ra3+ Kg2 59. Rxh3 Kxh3 60. Kf3 1-0

[Event "45th Olympiad 2024"]
[Site "Budapest HUN"]
[Date "2024.09.21"]
[Round "10.1"]
[Board "4"]
[White "Aronian, Levon"]
[Black "Vidit, Santosh Gujrathi"]
[Result "1/2-1/2"]
[WhiteElo "2729"]
[BlackElo "2720"]
[PlyCount "126"]
[EventDate "2024.09.11"]
[WhiteTeam "United States of America"]
[BlackTeam "India"]
[BlackTeamCountry "IND"]

1. e4 e5 2. Nf3 Nc6 3. Bc4 Bc5 4. O-O Nf6 5. d3 d6 6. c3 O-O 7. h3 Bb6 8. a4 a5 9. Re1 h6 10. Bb3 ({RR} 10. Nbd2 Ne7 11. Qc2 Ng6 12. d4 Re8 13. Bf1 c6 14. Nc4 Bc7 15. dxe5 Nxe5 16. Nfxe5 dxe5 17. Be3 Be6 18. b4 Bxc4 19. Bxc4 Bb6 20. Qb3 Re7 21. Rad1 Qc7 22. Kh2 Bxe3 23. Rxe3 Rd8 24. Rxd8+ Qxd8 {½-½ Antipov,M (2602)-Vidit,S (2720) CrunchLab Masters Div 2 W 2024 (1.1)}) 10... Re8 11. Nbd2 Be6 12. Nc4 $146 ({RR} 12. Nf1 Bxb3 13. Qxb3 d5 14. exd5 Qxd5 15. Qxd5 Nxd5 16. Ng3 Rad8 17. Ne4 f5 18. Ng3 f4 19. Ne4 Nde7 20. Rd1 Nf5 21. b3 Kf7 22. Ba3 g5 23. Bc5 Nd6 24. Bxb6 cxb6 25. Nfd2 Nf5 26. Nc4 Re6 {0-1 Zvereva,M (1937)-Grigoryan,M (2044) Titled Tuesday intern op 22nd Dec blitz 2020 (11)}) 12... Ba7 13. Be3 Bxe3 14. Nxe3 d5 15. exd5 Nxd5 16. Nxd5 Bxd5 17. Re3 Re6 18. Nd2 Rg6 19. Bxd5 Qxd5 20. Qf3 Rd8 21. Nc4 f5 22. Qxd5+ Rxd5 23. Rd1 Rf6 24. Kf1 Rf8 25. Ke2 g5 26. Kd2 e4 27. Kc2 exd3+ 28. Rdxd3 Rxd3 29. Rxd3 b6 30. f4 gxf4 31. Rf3 Re8 32. Rxf4 Re2+ 33. Kb3 Ne7 34. g4 fxg4 35. Rxg4+ Kf7 36. Na3 Nf5 37. Rc4 c5 38. Rf4 Kf6 39. Nc4 Re6 40. Kc2 h5 41. Kd3 Kg5 42. Re4 Rf6 43. Nd2 Ng3 44. Rc4 Rd6+ 45. Kc2 Re6 46. b4 cxb4 47. cxb4 Nf5 48. Ne4+ Kg6 49. Kd3 axb4 50. Rxb4 h4 51. Rb5 Ne7 52. Nd2 Rd6+ 53. Kc2 Nf5 54. Nf3 Kf6 55. Rb4 Ne3+ 56. Kb2 Nd1+ 57. Kc1 Nf2 58. Rxh4 Kf5 59. Nd2 Nd3+ 60. Kb1 Nf4 61. Kc2 Rd4 62. Rh6 Rxa4 63. Rxb6 Nxh3 1/2-1/2

[Event "45th Olympiad 2024"]
[Site "Budapest HUN"]
[Date "2024.09.21"]
[Round "10.2"]
[Board "1"]
[White "Rapport, Richard"]
[Black "Predke, Alexandr"]
[Result "1/2-1/2"]
[WhiteElo "2715"]
[BlackElo "2671"]
[PlyCount "138"]
[EventDate "2024.09.11"]
[WhiteTeam "Hungary"]
[BlackTeam "Serbia"]
[WhiteTeamCountry "HUN"]
[BlackTeamCountry "SRB"]

1. e4 e5 2. Nf3 Nc6 3. Bb5 a6 4. Ba4 Nf6 5. d3 b5 6. Bb3 Bc5 7. c3 d6 8. Nbd2 O-O 9. Nf1 Be6 ({RR} 9... Re8 10. Ng3 Be6 11. Bc2 d5 12. exd5 Bxd5 13. O-O e4 14. dxe4 Nxe4 15. Bf4 Bb6 16. a4 Nxg3 17. hxg3 Bc4 18. Re1 Qxd1 19. Raxd1 Rxe1+ 20. Rxe1 Rd8 21. b4 a5 22. Be4 Ne7 23. bxa5 Bxa5 24. axb5 {½-½ Caruana,F (2819)-Ding,L (2805) Norway Masters blitz 7th 2019 (6)}) 10. Ng3 h6 11. O-O Bb6 ({RR} 11... Bxb3 12. axb3 a5 13. Be3 Re8 14. d4 Bb6 15. Re1 Ng4 16. Qd3 b4 17. h3 Nxe3 18. fxe3 g6 19. Rf1 bxc3 20. bxc3 Kg7 21. Kh2 Rf8 22. Qc4 Nb8 23. dxe5 dxe5 24. Nxe5 Qe7 25. Nf3 Nd7 26. Nd4 {1-0 Ivic,V (2596)-Santos Latasa,J (2626) Chess.com Classic Play-In 2024 (7.22)}) 12. Be3 $146 ({RR} 12. h3 d5 13. Qe2 Re8 14. Rd1 a5 15. Be3 a4 16. Bc2 d4 17. Bc1 a3 18. Bb3 Nd7 19. Bxe6 fxe6 20. Qc2 Qe7 21. cxd4 Nxd4 22. Nxd4 Bxd4 23. Ne2 Bb6 24. bxa3 Rf8 25. Be3 Bxe3 26. fxe3 Qg5 {½-½ Smikovski,I (2558)-Amonatov,F (2634) RUS Cup final 2008 (2.2)}) 12... Bxb3 13. axb3 d5 14. Bxb6 cxb6 15. d4 dxe4 16. Nxe5 Nxe5 17. dxe5 Nd7 18. e6 Nf6 19. exf7+ Kxf7 20. Qb1 Qd5 21. b4 a5 22. bxa5 bxa5 23. Re1 Rfe8 24. Qc2 Re5 25. Nf1 Qe6 26. Ne3 Nd5 27. Nxd5 Qxd5 28. Rad1 Qe6 29. Re3 Re8 30. Rde1 Qd5 31. Qe2 R5e6 32. Rd1 Qf5 33. Ra1 a4 34. c4 Rb8 35. b4 axb3 36. Rxb3 b4 37. Qd2 Qc5 38. Rab1 Rd6 39. Qf4+ Rf6 40. Qe3 Qxe3 41. fxe3 Rfb6 42. c5 Rb5 43. c6 Kf6 44. c7 Rc8 45. Rxb4 Rxb4 46. Rxb4 Rxc7 47. Rxe4 g5 48. Kf2 h5 49. h3 Rc2+ 50. Kf3 Rc6 51. Ra4 Rb6 52. Ra5 Kg6 53. Ke4 Rb2 54. Ra6+ Kf7 55. Kf3 g4+ 56. Kg3 gxh3 57. gxh3 Rb4 58. Ra1 Re4 59. Rf1+ Kg6 60. Rf3 Kg5 61. Kf2 Rh4 62. Ke2 Ra4 63. Rf1 Rh4 64. Rh1 Kf5 65. Kf2 Ke5 66. Kf3 Ke6 67. Kg2 Re4 68. Re1 Ke5 69. Re2 Rd4 1/2-1/2

[Event "45th Olympiad 2024"]
[Site "Budapest HUN"]
[Date "2024.09.21"]
[Round "10.2"]
[Board "2"]
[White "Sarana, Alexey"]
[Black "Leko, Peter"]
[Result "1/2-1/2"]
[WhiteElo "2713"]
[BlackElo "2666"]
[PlyCount "119"]
[EventDate "2024.09.11"]
[WhiteTeam "Serbia"]
[BlackTeam "Hungary"]
[WhiteTeamCountry "SRB"]
[BlackTeamCountry "HUN"]

1. d4 Nf6 2. c4 e6 3. Nc3 Bb4 4. e3 O-O 5. Bd3 d5 6. a3 Bxc3+ 7. bxc3 dxc4 8. Bxc4 c5 9. Nf3 Qc7 10. Be2 Nc6 11. Bb2 Rd8 12. O-O e5 13. h3 Bf5 14. Rc1 ({RR} 14. a4 Qb6 15. Bb5 a6 16. Bxc6 Qxb2 17. Nh4 Bc8 18. Bf3 g5 19. Qd3 e4 20. Bxe4 c4 21. Qxc4 Nxe4 22. Qc7 Re8 23. c4 gxh4 24. Rab1 Qe2 25. d5 Nd2 26. Qf4 Qh5 27. Rb6 Re4 28. Qc7 Bxh3 {0-1 Tudor,H (2403)-Wang,Y (2435) RUDAR VII GM RR 2024 (1.2)}) 14... e4 $146 ({RR} 14... Qb6 15. Ba1 Be4 16. Qa4 Qc7 17. Rfd1 Qe7 18. Nxe5 Nxe5 19. dxe5 Rxd1+ 20. Rxd1 Qxe5 21. c4 Qg5 22. Bf1 Bc6 23. Qc2 Ne4 24. Bb2 Re8 25. Bc1 Qe5 26. Bb2 Qg5 27. Bc1 Qe5 28. Bb2 Qg5 {½-½ Byklum,B (2318)-Mikalsen,E (2368) NOR-chT Elite 2122 2021 (6.1)}) ({RR} 14... Rac8 15. Re1 a6 16. a4 Qa5 17. Nd2 exd4 18. cxd4 cxd4 19. Nc4 Qc7 20. exd4 Be6 21. Ne3 Qb6 22. Ba1 Nxd4 23. Rxc8 Bxc8 24. Bc4 Qc5 25. Qb1 b5 26. axb5 axb5 27. Bxd4 Qxd4 28. Qxb5 Qd7 29. Qb3 {½-½ Ding,L (2799)-Nakamura,H (2736) Speed Chess Chess.com INT blitz 2021 (3.14)}) ({RR} 14... Bg6 15. a4 Bh5 16. Nxe5 Bxe2 17. Qxe2 Nxe5 18. dxe5 Qxe5 19. c4 Qe7 20. Rfd1 Rxd1+ 21. Rxd1 Rd8 22. Rxd8+ Qxd8 23. Qf3 Qb6 24. Qg3 Kf8 25. Qe5 Ne8 26. Bc3 Qb1+ 27. Kh2 b6 28. Qb8 Qb3 29. Be5 {½-½ Narayanan,S (2663)-Harsha,B (2582) 19th Asian Continental 2022 (7.1)}) 15. Nd2 Qe7 16. Re1 Rd6 17. Nf1 Rad8 18. Qa4 a6 19. Qc2 h5 20. dxc5 R6d7 21. c4 h4 22. Red1 Qxc5 23. Rxd7 Rxd7 24. Nd2 Ne5 25. Bd4 Qe7 26. Qb2 Nc6 27. Nb3 Nxd4 28. Nxd4 Qc5 29. Nb3 Qe7 30. c5 Rc7 31. Nd4 Qe5 32. Bc4 Bc8 33. Qb4 g6 34. Nb3 Kg7 35. Rd1 Bd7 36. Rd6 Be8 37. Qb6 Re7 38. Nd4 Nd7 39. Qb2 Kh7 40. Rd5 Qc7 41. Nb3 Ne5 42. Qd4 Nxc4 43. Qxc4 f6 44. Rd6 Bf7 45. Qc3 Bxb3 46. Qxb3 Qxc5 47. Rxf6 Qc1+ 48. Kh2 Qc7+ 49. g3 hxg3+ 50. fxg3 Qd8 51. Rf2 Qd3 52. Qb6 Qxa3 53. Qd8 Qc5 54. h4 Qe5 55. Kg2 a5 56. Ra2 Rf7 57. Qxa5 Qxa5 58. Rxa5 Rf3 59. Ra3 g5 60. Kh3 1/2-1/2

[Event "45th Olympiad 2024"]
[Site "Budapest HUN"]
[Date "2024.09.21"]
[Round "10.2"]
[Board "3"]
[White "Sjugirov, Sanan"]
[Black "Indjic, Aleksandar"]
[Result "1/2-1/2"]
[WhiteElo "2644"]
[BlackElo "2611"]
[PlyCount "69"]
[EventDate "2024.09.11"]
[WhiteTeam "Hungary"]
[BlackTeam "Serbia"]
[WhiteTeamCountry "HUN"]
[BlackTeamCountry "SRB"]

1. e4 e5 2. Nf3 Nc6 3. Bb5 Bc5 4. c3 Nf6 5. d4 exd4 6. e5 Nd5 7. O-O Be7 8. cxd4 d6 9. exd6 cxd6 10. Qb3 Nc7 11. d5 Nxb5 12. Qxb5 a6 13. Qe2 Ne5 14. Nxe5 dxe5 15. Qxe5 O-O 16. Nc3 Bd6 17. Qd4 $146 ({RR} 17. Qh5 Re8 18. Bg5 Qb6 19. Rae1 Bd7 20. Bc1 Qd4 21. Qf3 Rac8 22. h3 Rxe1 23. Rxe1 Re8 24. Rxe8+ Bxe8 25. Qe4 Qe5 26. Qxe5 Bxe5 27. Ne4 f5 28. Nc5 Bf7 29. Nxb7 Bxd5 30. Nc5 Bxa2 31. Nxa6 Bd6 {½-½ Rohit,S (2215)-Csonka,B (2480) Prague Int Open 2024 (6.12)}) 17... Qc7 18. g3 Bf5 19. Re1 Rfd8 20. Bg5 f6 21. Bf4 Bxf4 22. Qxf4 Qxf4 23. gxf4 b5 24. Rad1 b4 25. Ne4 Rac8 26. Rd2 Bg6 27. f3 Bf7 28. Red1 f5 29. Ng3 g6 30. Nf1 Rc4 31. Ne3 Rxf4 32. Kf2 b3 33. axb3 Rh4 34. Kg2 Rb4 35. Rd3 1/2-1/2

[Event "45th Olympiad 2024"]
[Site "Budapest HUN"]
[Date "2024.09.21"]
[Round "10.2"]
[Board "4"]
[White "Ivic, Velimir"]
[Black "Berkes, Ferenc"]
[Result "1/2-1/2"]
[WhiteElo "2599"]
[BlackElo "2605"]
[PlyCount "64"]
[EventDate "2024.09.11"]
[WhiteTeam "Serbia"]
[BlackTeam "Hungary"]
[WhiteTeamCountry "SRB"]
[BlackTeamCountry "HUN"]

1. e4 e6 2. d4 d5 3. e5 c5 4. c3 Nc6 5. Nf3 Bd7 6. Be2 Nge7 7. O-O cxd4 8. cxd4 Nf5 9. Nc3 a6 10. Kh1 Rc8 11. h3 ({RR} 11. a3 Be7 12. Bd3 Nfxd4 13. Nxd4 Nxd4 14. Qg4 Nb3 15. Qxg7 Rf8 16. Rb1 Nxc1 17. Rfxc1 Qb6 18. Qg3 h5 19. f4 h4 20. Qf3 Qd4 21. Rd1 h3 22. g3 Qb6 23. Ne2 Kd8 24. f5 Kc7 25. f6 Bc5 {½-½ Aronian,L (2729)-Kramnik,V (2753) CrunchLab Masters Div 2 L 2024 (2.1)}) 11... Qb6 $146 ({RR} 11... h5 12. Be3 Be7 13. Bd3 g6 14. Bxf5 gxf5 15. Rc1 Na5 16. b3 h4 17. Qd2 Nc6 18. Na4 b6 19. Bg5 Rb8 20. Bxe7 Nxe7 21. Nb2 Ng6 22. Rc3 Kf8 23. Rfc1 Kg7 24. Nd3 Rb7 25. R1c2 a5 26. Qc1 {1-0 Alekseenko,K (2655)-Szpar,M (2495) III Menorca Open 2024 (3.3)}) ({RR} 11... h6 12. Rb1 b5 13. Ra1 Bb4 14. Bd3 Nh4 15. Be3 Nxf3 16. Qxf3 Bxc3 17. bxc3 O-O 18. g4 f6 19. Qg3 fxe5 20. dxe5 d4 21. cxd4 Nxd4 22. Be4 Ne2 23. Qg2 Nc3 24. Bb7 Rb8 25. f4 Rxb7 26. Qxb7 {0-1 Esipenko,A (2704)-Kramnik,V (2753) Kramnik-Esipenko Rapid 2024 (2)}) 12. Na4 Qa7 13. Be3 Be7 14. Rc1 O-O 15. Bd3 Nxe3 16. fxe3 Nb4 17. Rxc8 Rxc8 18. Bb1 Bb5 19. Rg1 Bxa4 20. Qxa4 Qb6 21. a3 Nc6 22. Qc2 g6 23. Rf1 f6 24. exf6 Bxf6 25. Qe2 Rf8 26. g4 Qc7 27. Qg2 Qe7 28. Bc2 Qd6 29. h4 e5 30. dxe5 Nxe5 31. Nxe5 Bxe5 32. Rxf8+ Kxf8 1/2-1/2

[Event "45th Olympiad 2024"]
[Site "Budapest HUN"]
[Date "2024.09.21"]
[Round "10.3"]
[Board "1"]
[White "Abdusattorov, Nodirbek"]
[Black "Ding, Liren"]
[Result "1/2-1/2"]
[WhiteElo "2766"]
[BlackElo "2736"]
[PlyCount "68"]
[EventDate "2024.09.11"]
[WhiteTeam "Uzbekistan"]
[BlackTeam "China"]
[WhiteTeamCountry "UZB"]
[BlackTeamCountry "CHN"]

1. d4 Nf6 2. Nf3 d5 3. e3 c5 4. dxc5 e6 5. b4 a5 6. c3 axb4 7. cxb4 b6 8. Bb5+ Bd7 9. Bxd7+ Nbxd7 10. a4 bxc5 11. b5 Bd6 12. Bb2 g5 13. g3 $146 ({RR} 13. Qe2 g4 14. Nfd2 Be5 15. Bxe5 Nxe5 16. O-O Rg8 17. f4 gxf3 18. Nxf3 Qd6 19. Nbd2 Nfg4 20. a5 Ke7 21. h3 Nxf3+ 22. Nxf3 Nf6 23. Qf2 Ne4 24. Qh4+ Kd7 25. Ra2 Rg7 26. b6 Kc6 27. Rb1 Kb7 {1-0 Narciso Dublan,M (2420)-Glek,I (2423) TCh-CAT Gp1 2024 (2.2)}) ({RR} 13. Nfd2 Ne5 14. O-O g4 15. Qe2 Rg8 16. Rd1 Qe7 17. b6 c4 18. a5 Nd3 19. Ba3 Bxa3 20. Nxa3 Kf8 21. Naxc4 dxc4 22. Nxc4 Nc5 23. Qb2 Kg7 24. Ne5 Ra6 25. Nxg4 Rga8 26. Qe5 Nce4 27. Nxf6 Nxf6 {1-0 Bluebaum,M (2642)-Grischuk,A (2758) Chess.com Rapid Wk5 Swiss 2022 (6)}) ({RR} 13. Qe2 g4 14. Nfd2 Qb8 15. e4 Be5 16. Nc3 O-O 17. g3 c4 18. exd5 exd5 19. O-O d4 20. Nce4 c3 21. Nxf6+ Nxf6 22. Ba3 Re8 23. Ne4 Nxe4 24. Qxe4 Bg7 25. Qxg4 d3 26. Bc5 Qc8 27. Qb4 c2 {1-0 Bluebaum,M (2660)-Preotu,R (2483) ChessKid Play-In Match 2023 (1.1)}) 13... g4 14. Nh4 Be5 15. Qc2 Qa5+ 16. Kf1 Bxb2 17. Qxb2 Qb4 18. Qxb4 cxb4 19. Nd2 Ke7 20. h3 Nc5 21. hxg4 Rxa4 22. Rxa4 Nxa4 23. g5 Ne4 24. Nhf3 Nac5 25. Kg2 b3 26. b6 Nxd2 27. Nxd2 b2 28. f3 Na4 29. Rh4 Nxb6 30. Rb4 Nd7 31. Rxb2 h6 32. gxh6 Rxh6 33. Rb7 e5 34. f4 Rb6 1/2-1/2

[Event "45th Olympiad 2024"]
[Site "Budapest HUN"]
[Date "2024.09.21"]
[Round "10.3"]
[Board "2"]
[White "Wei, Yi"]
[Black "Yakubboev, Nodirbek"]
[Result "1-0"]
[WhiteElo "2762"]
[BlackElo "2666"]
[PlyCount "119"]
[EventDate "2024.09.11"]
[WhiteTeam "China"]
[BlackTeam "Uzbekistan"]
[WhiteTeamCountry "CHN"]
[BlackTeamCountry "UZB"]

1. d4 Nf6 2. c4 e6 3. Nc3 Bb4 4. e3 O-O 5. Nge2 Re8 6. a3 Bf8 7. e4 d5 8. e5 Nfd7 9. h4 c5 10. Bg5 f6 11. exf6 gxf6 12. Bd2 Nc6 13. dxc5 Nxc5 14. Be3 dxc4 15. Nf4 Ne5 $146 ({RR} 15... Qxd1+ 16. Rxd1 Ne5 17. Bd4 Rd8 18. Rh3 Ned3+ 19. Nxd3 Rxd4 20. Nxc5 Rxd1+ 21. Kxd1 Bxc5 22. Bxc4 Bxf2 23. Ne4 Bd4 24. Rd3 Be5 25. Rd8+ Kf7 26. b4 Bc7 27. Rh8 Kg7 28. Re8 Kf7 29. Rh8 Kg7 30. Re8 {½-½ Sriram,J (2361)-Fischer,D (2351) Braunschweig 2022 (4)}) 16. Rh3 b6 17. Rg3+ Kh8 18. Qh5 Ba6 19. Rd1 Qc7 20. b4 Ncd3+ 21. Bxd3 cxd3 22. Ne4 Bg7 23. Kf1 Qd7 24. Kg1 Rad8 25. Bc1 Qd4 26. Rxg7 Kxg7 27. Nxf6 Kxf6 28. Qxh7 Nf3+ 29. gxf3 Rg8+ 30. Kh1 e5 31. Qh6+ Ke7 32. Qe6+ Kf8 33. Re1 Bb7 34. Qf6+ Ke8 35. Rxe5+ Kd7 36. Qf5+ Kd6 37. Qf6+ Kd7 38. Rd5+ Qxd5 39. Nxd5 Bxd5 40. Qf5+ Kc6 41. Qxd3 Rgf8 42. Kh2 Rxf3 43. b5+ Kb7 44. Qd4 Rd7 45. Be3 Be6 46. Qe5 Bd5 47. h5 Rf8 48. h6 Bf3 49. Kg3 Ka8 50. Bg5 Bb7 51. f4 Rdf7 52. Kh4 a5 53. Kh5 Bc8 54. Qd6 Ka7 55. Bd8 Rf5+ 56. Kg6 R5f7 57. Qxb6+ Ka8 58. Bc7 Bf5+ 59. Kh5 Rf6 60. Bd6 1-0

[Event "45th Olympiad 2024"]
[Site "Budapest HUN"]
[Date "2024.09.21"]
[Round "10.3"]
[Board "3"]
[White "Sindarov, Javokhir"]
[Black "Yu, Yangyi"]
[Result "0-1"]
[WhiteElo "2677"]
[BlackElo "2703"]
[PlyCount "78"]
[EventDate "2024.09.11"]
[WhiteTeam "Uzbekistan"]
[BlackTeam "China"]
[WhiteTeamCountry "UZB"]
[BlackTeamCountry "CHN"]

1. e4 e5 2. Nf3 Nc6 3. Bc4 Nf6 4. d3 Bc5 5. c3 d6 6. Bg5 h6 7. Bh4 a5 8. Nbd2 Ba7 9. a3 Qe7 10. O-O g5 11. Bg3 Bg4 $146 ({RR} 11... Nh7 12. b4 h5 13. h4 g4 14. Ne1 Nf8 15. Nc2 Qf6 16. Ne3 Ne7 17. Qa4+ Kd8 18. Qxa5 Qh6 19. d4 exd4 20. cxd4 Nc6 21. Qa4 Nxd4 22. e5 Bd7 23. b5 f5 24. exf6 Nf5 25. Nxf5 Qxd2 26. Qb4 {½-½ Ilinca,F (2379)-Gholami Orimi,M (2505) 3rd Leca Chess Open 2024 (9.3)}) ({RR} 11... Nd7 12. b4 h5 13. h4 g4 14. Nh2 Nf8 15. b5 Nd8 16. d4 Ng6 17. Kh1 Nxh4 18. f4 Nxg2 19. Kxg2 h4 20. Be1 g3 21. Ng4 h3+ 22. Kxg3 Qh4+ 23. Kh2 Qxg4 24. Qxg4 Bxg4 25. Rg1 Be6 26. fxe5 {1-0 Papp,G (1895)-Csonka,B (2473) ch-HUN Blitz 2024 (12.15)}) 12. h3 Bh5 13. Bb5 O-O 14. Re1 Nd8 15. d4 Ne6 16. dxe5 dxe5 17. Be2 Bxf3 18. Bxf3 Rad8 19. Qe2 Nf4 20. Bxf4 gxf4 21. b4 a4 22. Red1 c6 23. Bg4 Kh8 24. Bf5 Ne8 25. Nc4 Ng7 26. Rxd8 Rxd8 27. Rd1 Rxd1+ 28. Qxd1 Qh4 29. Nxe5 Qxf2+ 30. Kh1 Nh5 31. Nf3 Ng3+ 32. Kh2 Nf1+ 33. Kh1 Ne3 34. Qd2 Qf1+ 35. Kh2 Qa1 36. Qd8+ Kg7 37. h4 Qb2 38. Bh3 Nf1+ 39. Kh1 Qc1 0-1

[Event "45th Olympiad 2024"]
[Site "Budapest HUN"]
[Date "2024.09.21"]
[Round "10.3"]
[Board "4"]
[White "Wang, Yue"]
[Black "Vokhidov, Shamsiddin"]
[Result "0-1"]
[WhiteElo "2637"]
[BlackElo "2650"]
[PlyCount "140"]
[EventDate "2024.09.11"]
[WhiteTeam "China"]
[BlackTeam "Uzbekistan"]
[WhiteTeamCountry "CHN"]
[BlackTeamCountry "UZB"]

1. d4 Nf6 2. c4 e6 3. Nc3 Bb4 4. Qc2 c5 5. dxc5 O-O 6. a3 Bxc5 7. Nf3 Nc6 8. Bg5 Be7 9. e3 h6 10. Bh4 b6 11. Be2 Bb7 12. Rd1 ({RR} 12. O-O Rc8 13. Rfd1 Na5 14. Ne5 d6 15. b4 Qe8 16. bxa5 dxe5 17. axb6 axb6 18. Rab1 Qc6 19. Bf1 Bxa3 20. Nb5 Bc5 21. Na7 Qe4 22. Qxe4 Bxe4 23. Nxc8 Bxb1 24. Nxb6 Bc2 25. Rc1 Bxb6 26. Bxf6 gxf6 {½-½ Johannessen,L (2499)-Giri,A (2722) EU-Cup 27th Rogaska Slatina 2011 (2)}) 12... Rc8 13. O-O Na5 $146 ({RR} 13... a6 14. Rd2 Qc7 15. Rfd1 Rfd8 16. b4 d6 17. Qb1 Qb8 18. h3 Ne5 19. Nxe5 dxe5 20. Bg3 Qc7 21. Rxd8+ Bxd8 22. Rd2 Qc6 23. Bf1 Bc7 24. Qd1 Qe8 25. Bh4 Qe7 26. Be2 Rd8 27. Rxd8+ Qxd8 28. Qxd8+ {½-½ Charochkina,D (2366)-Goryachkina,A (2460) RUS-ch rapid (Women) 2016 (9)}) 14. Nd2 Ba6 15. Qa4 d5 16. Nb5 Qe8 17. Bxf6 Bxb5 18. cxb5 Bxf6 19. b4 Nc4 20. Nxc4 dxc4 21. Rd6 c3 22. Rfd1 Be5 23. R6d3 a6 24. Qc2 axb5 25. Rd7 Ra8 26. Bxb5 Rxa3 27. Qe4 Qb8 28. g3 Bf6 29. Bd3 g6 30. Rb7 Qe5 31. Rxb6 Rd8 32. Rc1 Ra2 33. Rc6 Rb2 34. Rc4 Qd6 35. Qf3 Kg7 36. Be4 Qa6 37. Rc7 Rdd2 38. Qg4 Bg5 39. h4 Rxf2 40. hxg5 h5 41. Qd1 Rbd2 42. Qxd2 cxd2 43. Kxf2 dxc1=Q 44. Rxc1 Qb5 45. Rb1 Kf8 46. Bf3 Ke7 47. Rb2 Kd6 48. Rd2+ Ke7 49. Rb2 Qxg5 50. b5 Qe5 51. Rb3 Qf5 52. e4 Qc5+ 53. Ke1 Qc4 54. Bd1 Qxe4+ 55. Be2 Qh1+ 56. Kd2 Qd5+ 57. Kc2 Qc5+ 58. Rc3 Qb6 59. Kb3 g5 60. Kb4 h4 61. gxh4 gxh4 62. Bf3 h3 63. Bc6 Qd4+ 64. Rc4 Qd2+ 65. Ka4 h2 66. b6 Qd1+ 67. Kb5 h1=Q 68. Bxh1 Qxh1 69. Rc7+ Kd6 70. Rxf7 Qh5+ 0-1